American legislative leaders in the South, 1911-1994 /

Bibliographic Details
Other Authors: Sharp, James Roger, 1936-, Sharp, Nancy Weatherly
Format: Book
Language:English
Published: Westport, Conn. : Greenwood Press, 1999.
Subjects:

MARC

Tag First Indicator Second Indicator Subfields
LEADER 00000cam a2200000 a 4500
001 in00001486549
005 20151021070100.0
008 980420s1999 ctu bd 001 0ceng
010 |a  98023549  
020 |a 0313302138 (alk. paper) 
035 |a (OCoLC)39045196 
035 |9 AJG9529AM 
040 |a DLC  |c DLC  |d TXA  |d UtOrBLW 
043 |a n-usu-- 
049 |a TXAM 
050 0 0 |a F208  |b .A44 1999 
082 0 0 |a 328.73/092/275  |a B  |2 21 
245 0 0 |a American legislative leaders in the South, 1911-1994 /  |c James Roger Sharp and Nancy Weatherly Sharp, editors ; Kevin G. Atwater and Gina Petonito, assistant editors ; Charles F. Ritter and Jon L. Wakelyn, advisory editors. 
264 1 |a Westport, Conn. :  |b Greenwood Press,  |c 1999. 
300 |a xiii, 361 pages ;  |c 25 cm. 
336 |a text  |b txt  |2 rdacontent 
337 |a unmediated  |b n  |2 rdamedia 
338 |a volume  |b nc  |2 rdacarrier 
504 |a Includes bibliographical references (pages [249]-258) and index. 
650 0 |a Legislators  |z Southern States  |x Biography  |x Dictionaries. 
650 0 |a Legislators  |z United States  |x States  |x Biography  |x Dictionaries. 
650 0 |a Legislative bodies  |z Southern States  |x Leadership. 
651 0 |a Southern States  |v Biography  |x Dictionaries. 
700 1 |a Sharp, James Roger,  |d 1936- 
700 1 |a Sharp, Nancy Weatherly. 
948 |a c:dm 
999 |a MARS 
999 f f |s 2045b1ef-1e88-3a44-a8f0-05a7d8901018  |i 8f851c90-1dcd-3b8b-a0ba-15027a975a22  |t 0 
952 f f |p ric  |a Texas A&M University  |b Rellis Campus  |c Joint Library Facility  |d Remote Storage  |t 0  |e F208 .A44 1999  |h Library of Congress classification  |i unmediated -- volume  |m A14825199067 
998 f f |a F208 .A44 1999  |t 0  |l Remote Storage